000 00695nam a22001937a 4500
008 150318b xxu||||| |||| 00| 0 eng d
020 _a9781573925457
050 _aQC16.N7D66 1998
100 _aDobbs B.J.T
_916416
245 _aNewton and the culture of Newtonianism
_c/by Betty Jo Teeter Dobbs and Margaret C. Jacob
260 _aNew York
_bHumanity books
_c1995
300 _aix, 139p. ;
_c23cm.
440 _aThe Control of Nature
_916891
650 _aNewton, Isaac, Sir, 1642-1727
_916414
650 _aScience
_xHistory
_y17th century
_zEngland
_916417
650 _aPhysics
_xHistory
_y18th century
_zEngland
_916418
700 _aJacob, Margaret C.
_916419
942 _2lcc
_cMONOGRAPH
999 _c122463
_d122463